000 00788nam a2200217Ia 4500
005 20241129105907.0
008 241129s9999||||xx |||||||||||||| ||und||
020 _a978-93-87809-87-1
037 _aTB
040 _aARTS
_bhin
_cARTS
041 _ahin
_2hin
084 _aO152,6N45x R0
_qARTS
100 _aअग्रवाल, दुर्गाप्रसाद, ले.
_9169250
245 0 _aजो देश हम बना रहे हैं
_cअग्रवाल, दुर्गाप्रसाद, ले.
260 _aनई दिल्ली, भारत
_bकौटिल्य बुक्स
_c2020
300 _a222पृ0
365 _aINR
_b700
650 _aHindi Prsoe
_9726592
942 _cTB
_hO152,6N45x R0
999 _c1226474
_d1226474